000 00439cam a22001337a 4500
008 180718b1998 xxu||||| |||| 00| 0 eng d
082 _aA81x54 91/9/Pt 2B
100 _aCensus of India 1991
245 _aHimachal Pradesh: primary census abstract
260 _aDelhi
_bThe Controller of Publications
_c1998
300 _a314+p.
440 _aCensus of India 1991. Series-9, Himachal Pradesh. Part II-B
650 _aHimachal Pradesh - Census
999 _c486415
_d486415